=LDR 00000nam 2200000 4500 =001 INLIS000000000036660 =005 20130612142432 =008 ***********************************Ind** =035 ##$$0010-061300000036660 =041 ##$$a Ind =082 ##$$a 641.5 =090 ##$$a 641.5, Erw g =100 ##$$a Erwin, Lilly T =245 ##$$a Gemar makan ikan, 25 resep masakan olahan ikan teri, Lilly T Erwin ; editor, Intarina Hardiman =260 ##$$a 2011 $b jakarta =300 ##$$a 55 hlm, ilus, 22 cm =650 ##$$a Masakan (ikan) =700 ##$$a Hardiman, Intarina =850 ##$$a NBPNMAT =990 ##$$a 0001/BPAP-NTB/2016 =990 ##$$a 0001/BPAP-NTB/2016